[Event "Mechanics' Fall TNM; 30/90, SD/30"]
[Site "San Francisco"]
[Date "2012.10.30"]
[Round "3.29"]
[White "Cowgill, Jackie"]
[Black "Bayaraa, Chinguun"]
[Result "0-1"]
[WhiteElo "939"]
[BlackElo "1329"]
[PlyCount "90"]
[EventDate "2012.??.??"]

1. e4 c5 2. Nf3 d6 3. d4 cxd4 4. Nxd4 Nf6 5. Nc3 g6 6. Bg5 Bg7 7. Bxf6 Bxf6 8.
Nf3 O-O 9. Be2 Bg7 10. O-O Nc6 11. Rb1 Bxc3 12. bxc3 Qc7 13. a3 Kg7 14. c4 Rb8
15. Re1 Re8 16. h4 h5 17. Qd2 Bg4 18. Ng5 Bxe2 19. Qxe2 Ne5 20. Nf3 Qxc4 21.
Nxe5 Qxe2 22. Rxe2 dxe5 23. Rd2 b6 24. c4 Red8 25. Rxd8 Rxd8 26. g3 Rd4 27. Rb5
Kf6 28. c5 bxc5 29. Rxc5 Ra4 30. f3 Rxa3 31. Kg2 a5 32. g4 hxg4 33. fxg4 Re3
34. Rxa5 Rxe4 35. Ra3 Rxg4+ 36. Kh3 Rd4 37. Rf3+ Ke6 38. Rg3 e4 39. Kg4 Rd3 40.
Rg1 Ke5 41. Kg5 Rf3 42. Kh6 e3 43. Rxg6 fxg6 44. Kxg6 e2 45. h5 e1=Q 0-1

[Event "Mechanics' Fall TNM; 30/90, SD/30"]
[Site "San Francisco"]
[Date "2012.12.11"]
[Round "9.23"]
[White "Cowgill, Jackie"]
[Black "Frank, Robert"]
[Result "0-1"]
[WhiteElo "939"]
[BlackElo "1263"]
[PlyCount "114"]
[EventDate "2012.??.??"]

1. e4 e5 2. Nf3 Nf6 3. Nxe5 d6 4. Nf3 Nxe4 5. Nc3 Nxc3 6. dxc3 Bd7 7. Be2 Be7
8. O-O O-O 9. c4 Bf6 10. c3 Be7 11. Re1 c5 12. b4 Be6 13. b5 b6 14. a4 a5 15.
Be3 Nd7 16. Qd2 Nf6 17. Bg5 Ne4 18. Bxe7 Qxe7 19. Qe3 f5 20. Rac1 Qf7 21. Ng5
Nxg5 22. Qxg5 g6 23. Qf4 Rad8 24. Rcd1 Qd7 25. h4 Kg7 26. Bf3 h6 27. Bd5 Rf6
28. Qf3 Qf7 29. Bxe6 Rxe6 30. Qc6 Rxe1+ 31. Rxe1 Qa7 32. Re8 Rxe8 33. Qxe8 Qc7
34. Qe3 Qd8 35. Qf3 Qe7 36. Qc6 Qd8 37. g3 Kf6 38. Qf3 h5 39. Qf4 Qf8 40. f3
Kg7 41. Qe3 Qf7 42. f4 Kf6 43. Qf3 Qd7 44. Qc6 Qd8 45. Qb7 Ke6 46. Qg7 Qf6 47.
Qc7 Qxc3 48. Qc8+ Ke7 49. Qb7+ Ke6 50. Qc6 Qxg3+ 51. Qg2 Qxg2+ 52. Kxg2 d5 53.
cxd5+ Kxd5 54. Kf3 Kd4 55. Ke2 Kc4 56. Kd2 Kb4 57. Kc2 Kxa4 0-1

[Event "Mechanics' Winter TNM; 30/90, SD/30"]
[Site "San Francisco"]
[Date "2012.02.07"]
[Round "6.26"]
[White "Cowgill, Jackie"]
[Black "Frank, Robert"]
[Result "0-1"]
[WhiteElo "848"]
[BlackElo "1360"]
[PlyCount "50"]
[EventDate "2012.??.??"]

1. e4 e5 2. Nf3 Nf6 3. Nxe5 d6 4. Nf3 Nxe4 5. Nc3 Nxc3 6. dxc3 Bg4 7. Be2 Nc6
8. O-O Be7 9. Bg5 $2 O-O (9... Bxf3 10. Bxe7 Bxe2) 10. Bxe7 Qxe7 11. Re1 Qd7
12. Nd4 Bxe2 13. Nxe2 Ne5 14. Nd4 Rfe8 15. b3 a5 16. a4 Re7 17. Qh5 Rae8 18.
Kf1 g6 19. Nf3 $4 gxh5 20. Nxe5 Rxe5 21. Re3 Rxe3 22. fxe3 Rxe3 23. Kf2 Rxc3
24. b4 Rxc2+ 25. Ke1 Qe6+ 0-1

[Event "Mechanics' Spring TNM; 30/90, SD/30"]
[Site "San Francisco"]
[Date "2012.03.27"]
[Round "3.31"]
[White "Cowgill, Jackie"]
[Black "James, Charles"]
[Result "0-1"]
[WhiteElo "822"]
[BlackElo "1476"]
[PlyCount "72"]
[EventDate "2012.??.??"]

1. e4 e6 2. d4 d5 3. Nc3 dxe4 4. Nxe4 Bd7 5. Nf3 Bc6 6. Bd3 Nd7 7. O-O Ngf6 8.
Re1 Bxe4 9. Bxe4 Nxe4 10. Rxe4 Nf6 11. Re1 c6 12. c3 Qc7 13. Ne5 Bd6 14. Bf4
Nd5 15. Bg3 O-O 16. a3 f6 17. Nf3 Bxg3 18. hxg3 Rae8 19. c4 Nb6 20. b3 Nd7 21.
b4 b5 22. cxb5 cxb5 23. Qb3 Qc4 24. Qb2 Qd5 25. Rac1 Rc8 26. Nd2 e5 27. Rxc8
Rxc8 28. dxe5 Nxe5 29. Rc1 Nc4 30. Qa2 Kf8 31. Rc2 Re8 32. Nf3 f5 33. Re2 Qd1+
34. Re1 Rxe1+ 35. Nxe1 Qxe1+ 36. Kh2 Qd2 0-1

[Event "Mechanics' Fall TNM; 30/90, SD/30"]
[Site "San Francisco"]
[Date "2012.11.27"]
[Round "7.27"]
[White "Cowgill, Jackie"]
[Black "Lazaro, Fernando"]
[Result "0-1"]
[WhiteElo "939"]
[BlackElo "1266"]
[PlyCount "82"]
[EventDate "2012.??.??"]

1. e4 b6 2. d4 Bb7 3. Bb5 Bxe4 4. d5 Bxg2 5. Nc3 Bxh1 6. f3 Bg2 7. Bd2 a6 8.
Ba4 b5 9. Bb3 d6 10. a3 Nf6 11. Qe2 Bh1 12. O-O-O Nbd7 13. Nh3 Bxf3 14. Qxf3
Nc5 15. Ba2 g6 16. Nf2 Bg7 17. Bg5 O-O 18. Bxf6 Bxf6 19. Nfe4 Bg7 20. Ng5 h6
21. Nge4 Rb8 22. h4 b4 23. axb4 Rxb4 24. Nxc5 dxc5 25. Rd3 Qd6 26. Bb3 Rf4 27.
Qe3 c4 28. Bxc4 Rxc4 29. Nd1 Qf4 30. Qxf4 Rxf4 31. Ra3 Ra8 32. Ra5 Rxh4 33. Rc5
Ra7 34. c3 a5 35. Ne3 a4 36. Nc4 Rxc4 37. Rxc4 Be5 38. Kc2 a3 39. Kb1 axb2 40.
Kxb2 Ra5 41. d6 cxd6 0-1

[Event "Mechanics' Winter TNM; 30/90, SD/30"]
[Site "San Francisco"]
[Date "2012.01.10"]
[Round "2.26"]
[White "Cowgill, Jackie"]
[Black "Mar, Henry"]
[Result "0-1"]
[WhiteElo "848"]
[BlackElo "1523"]
[PlyCount "67"]
[EventDate "2012.??.??"]

1. e4 c6 2. d4 d5 3. exd5 cxd5 4. c4 Nf6 5. Nc3 Bf5 6. Nf3 e6 7. Ne5 Be7 8. Be2
O-O 9. O-O Nc6 10. Be3 Nb4 11. a3 Nc2 12. Bg5 Nxa1 13. Bxf6 Bxf6 14. Bg4 Bxg4
15. Nxg4 Nb3 16. Qxb3 Bxd4 17. Ne2 Bb6 18. cxd5 exd5 19. Ne3 d4 20. Nc4 d3 21.
Nxb6 dxe2 22. Re1 Qd2 23. Qc3 Qxc3 24. bxc3 Rad8 25. f3 axb6 26. Rxe2 Rd3 27.
Rc2 Rfd8 28. Kf2 Rd2+ 29. Rxd2 Rxd2+ 30. Ke3 Rxg2 31. h4 Rh2 32. a4 Rxh4 33. a5
bxa5 34. Kd3 0-1

[Event "Mechanics' Spring TNM; 30/90, SD/30"]
[Site "San Francisco"]
[Date "2012.04.24"]
[Round "7.27"]
[White "Cowgill, Jackie"]
[Black "Mar, Henry"]
[Result "0-1"]
[WhiteElo "822"]
[BlackElo "1500"]
[PlyCount "70"]
[EventDate "2012.??.??"]

1. e4 c6 2. d4 d5 3. exd5 cxd5 4. Nf3 Bf5 5. Nc3 Nf6 6. Be2 g6 7. O-O Bg7 8.
Be3 O-O 9. Ne5 Nfd7 10. Bg4 Be6 11. Nxd7 Nxd7 12. Bxe6 fxe6 13. Ne2 e5 14. f3
exd4 15. Bxd4 e5 16. Bf2 Nf6 17. c3 b6 18. Re1 Qc7 19. Bg3 Rad8 20. Nd4 Rfe8
21. Rc1 Nh5 22. Ne2 Bh6 23. Bf2 Bxc1 24. Qxc1 Qf7 25. a4 Nf4 26. Nxf4 exf4 27.
Bd4 Rxe1+ 28. Qxe1 Re8 29. Be5 Qe6 30. g3 Qxe5 31. Qxe5 Rxe5 32. gxf4 Re2 33.
h4 Rxb2 34. h5 gxh5 35. a5 bxa5 0-1

[Event "Mechanics' Fall TNM; 30/90, SD/30"]
[Site "San Francisco"]
[Date "2012.10.16"]
[Round "1.22"]
[White "Cowgill, Jackie"]
[Black "Melville, Cailen"]
[Result "0-1"]
[WhiteElo "939"]
[BlackElo "1806"]
[PlyCount "58"]
[EventDate "2012.??.??"]

1. e4 e6 2. d4 d5 3. Nc3 Bb4 4. e5 c5 5. Nf3 Nc6 6. Bb5 Bd7 7. Bxc6 bxc6 8. O-O
cxd4 9. a3 dxc3 10. axb4 cxb2 11. Bxb2 a5 12. Rxa5 Rxa5 13. bxa5 Qxa5 14. Bd4
c5 15. Be3 Ne7 16. h3 O-O 17. Qb1 Nc6 18. Rd1 Rb8 19. Qa1 Qb5 20. Qc1 d4 21.
Bf4 Nb4 22. c4 Qa4 23. Qa1 Nc2 24. Qxa4 Bxa4 25. Rf1 Rb2 26. g4 Rb3 27. Kg2 Bc6
28. Bg3 Rxf3 29. Rb1 Rb3+ 0-1

[Event "Mechanics' Fall TNM; 30/90, SD/30"]
[Site "San Francisco"]
[Date "2012.11.13"]
[Round "5.29"]
[White "Cowgill, Jackie"]
[Black "Otterbach, Renate"]
[Result "0-1"]
[WhiteElo "939"]
[BlackElo "761"]
[PlyCount "106"]
[EventDate "2012.??.??"]

1. e4 e6 2. d4 d5 3. Nc3 Bb4 4. e5 c5 5. Nf3 Nc6 6. Be3 Bxc3+ 7. bxc3 Qa5 8.
Bd2 c4 9. Be2 Nge7 10. O-O Bd7 11. Re1 O-O-O 12. a4 Rdf8 13. Ra3 Nd8 14. Qc1 f6
15. exf6 Rxf6 16. Bg5 Ng8 17. Bxf6 Nxf6 18. Ne5 Qc7 19. Bf3 Be8 20. a5 a6 21.
Ra1 Bh5 22. Bxh5 Nxh5 23. Qb2 Nf7 24. Qb6 Rd8 25. Qxe6+ Kb8 26. Qb6 Rd6 27.
Nc6+ Rxc6 28. Re8+ Nd8 29. Qb1 Nf6 30. Re5 Nf7 31. Re1 Ne4 32. f3 Nxc3 33. Re8+
Nd8 34. Qe1 Nb5 35. Re7 Qf4 36. Rxg7 Qd6 37. Qg3 Qxg3 38. hxg3 Nxd4 39. Rxh7
Nxc2 40. Rb1 c3 41. Rd7 Rc8 42. Rxd5 Ne3 43. Rd7 c2 44. Rc1 Nc6 45. Rd3 Re8 46.
Kf2 Nd1+ 47. Kg1 Re2 48. f4 Ne7 49. g4 Ng6 50. Kf1 Nxf4 51. Rd8+ Kc7 52. Rd4
Rf2+ 53. Ke1 Nxg2# 0-1

[Event "Mechanics' Summer TNM; 30/90, SD/30"]
[Site "San Francisco"]
[Date "2012.07.03"]
[Round "7.29"]
[White "Cowgill, Jackie"]
[Black "Otterbach, Renate"]
[Result "0-1"]
[WhiteElo "834"]
[BlackElo "700"]
[PlyCount "52"]
[EventDate "2012.??.??"]

1. e4 e5 2. Nf3 Nc6 3. Bb5 a6 4. Ba4 b5 5. Bb3 Bc5 6. O-O Bb7 7. Nxe5 Nxe5 8.
d4 Bxd4 9. Nd2 Nh6 10. c3 Ba7 11. h3 O-O 12. Re1 Qf6 13. Nf3 Rfe8 14. Bxh6 Qxh6
15. Nxe5 Rxe5 16. Bc2 Rd8 17. Qf3 Qf6 18. Qxf6 gxf6 19. Rad1 d6 20. Bb3 Rde8
21. a4 f5 22. Kf1 fxe4 23. axb5 Rxb5 24. Ba4 Rxb2 25. Bxe8 Rxf2+ 26. Kg1 e3 0-1

[Event "Mechanics' Summer TNM; 30/90, SD/30"]
[Site "San Francisco"]
[Date "2012.05.29"]
[Round "2.27"]
[White "Cowgill, Jackie"]
[Black "Shi, Jaysen"]
[Result "0-1"]
[WhiteElo "834"]
[BlackElo "1537"]
[PlyCount "54"]
[EventDate "2012.??.??"]

1. e4 e6 2. d4 d5 3. Nc3 Bb4 4. e5 c5 5. Nf3 Qb6 6. Bb5+ $4 Bd7 $4 (6... Qxb5)
7. Bxd7+ Nxd7 8. O-O Qc7 9. a3 Bxc3 10. bxc3 c4 11. Rb1 Nb6 12. Rb4 a5 13. Rb5
Na4 14. Bg5 $2 (14. Bd2) 14... Nxc3 15. Rc5 Qxc5 16. dxc5 Nxd1 17. Rxd1 f6 18.
Be3 Ne7 19. Nd4 fxe5 20. Nxe6 Kf7 21. Ng5+ Kf6 22. Nf3 h6 23. h3 Rac8 24. Rb1
d4 25. Nxd4 exd4 26. Bxd4+ Kf7 27. Rxb7 Rb8 0-1

[Event "Mechanics' Winter TNM; 30/90, SD/30"]
[Site "San Francisco"]
[Date "2012.02.07"]
[Round "6.17"]
[White "Curto, Barry"]
[Black "Campers, Willie"]
[Result "1-0"]
[WhiteElo "1900"]
[BlackElo "1641"]
[PlyCount "75"]
[EventDate "2012.??.??"]

1. d4 d5 2. c4 e6 3. Nc3 c6 4. Nf3 Nf6 5. Bf4 a6 6. e3 Bb4 7. Qb3 Qa5 8. c5 Ne4
9. Rc1 O-O 10. Bd3 Bxc3+ 11. bxc3 f5 12. Bxe4 fxe4 13. Ne5 Qd8 14. O-O Nd7 15.
a4 Nxe5 16. Bxe5 Rf5 17. f4 Ra7 18. g4 Rf7 19. g5 Bd7 20. h4 Be8 21. Rb1 Rd7
22. Qd1 Bg6 23. h5 Bf5 24. h6 gxh6 25. Qh5 hxg5 26. fxg5 Bg6 27. Qh6 Ra8 28.
Rf6 Qe8 29. Rbf1 Bf5 30. Rf2 Rf7 31. Rg2 Rxf6 32. Qxf6 Qg6 33. Qh8+ Kf7 34.
Qxa8 Qh5 35. Qxb7+ Ke8 36. Qxc6+ Kf7 37. Qd7+ Kf8 38. Qd8+ 1-0

[Event "Mechanics' Fall TNM; 30/90, SD/30"]
[Site "San Francisco"]
[Date "2012.10.23"]
[Round "2.16"]
[White "Curto, Barry"]
[Black "Flores, David"]
[Result "1-0"]
[WhiteElo "1900"]
[BlackElo "1539"]
[PlyCount "69"]
[EventDate "2012.??.??"]

1. d4 c5 2. g3 Nf6 3. e3 e6 4. c4 Ne4 5. Nd2 Qa5 6. f3 Nd6 7. e4 Be7 8. Bd3 Nc6
9. e5 Nb4 10. Qe2 Nxd3+ 11. Qxd3 Nf5 12. d5 -- 13. d6 Bd8 14. Ne2 b5 15. b3 Ba6
16. O-O bxc4 17. bxc4 Bb7 18. Nb3 Qa6 19. Nxc5 Qc6 20. Nxb7 Qxb7 21. Rb1 Qc6
22. g4 Qc5+ 23. Kh1 Nh4 24. Rb5 Qc6 25. Nd4 Qa6 26. Qa3 Qc8 27. c5 O-O 28. g5
Rb8 29. Qb4 Rxb5 30. Qxb5 a6 31. Qc4 Qb7 32. c6 dxc6 33. Nxc6 Bb6 34. Ne7+ Kh8
35. Qxh4 1-0

[Event "Mechanics' Spring TNM; 30/90, SD/30"]
[Site "San Francisco"]
[Date "2012.03.13"]
[Round "1.21"]
[White "Curto, Barry"]
[Black "Frank, Robert"]
[Result "1-0"]
[WhiteElo "1902"]
[BlackElo "1334"]
[PlyCount "49"]
[EventDate "2012.??.??"]

1. d4 Nf6 2. c4 e6 3. Nc3 d5 4. Nf3 Bb4 5. Bg5 h6 6. Bh4 O-O 7. e3 b6 8. Bd3 c5
9. O-O cxd4 10. exd4 dxc4 11. Bxc4 Nbd7 12. d5 Bxc3 13. bxc3 Qc7 14. dxe6 Ne5
15. exf7+ Nxf7 16. Qb3 Bb7 17. Nd4 Qd6 18. Nf5 Qd8 19. Rad1 Qc7 20. Bxf6 gxf6
21. Nxh6+ Kg7 22. Nxf7 Rxf7 23. Bxf7 Qxf7 24. Qxf7+ Kxf7 25. Rd7+ 1-0

[Event "Mechanics' Winter TNM; 30/90, SD/30"]
[Site "San Francisco"]
[Date "2012.01.24"]
[Round "4.14"]
[White "Curto, Barry"]
[Black "Gaffagan, Steven"]
[Result "0-1"]
[WhiteElo "1900"]
[BlackElo "2054"]
[PlyCount "66"]
[EventDate "2012.??.??"]

1. d4 Nf6 2. Nf3 g6 3. Bf4 d6 4. e3 Nh5 5. Bg5 h6 6. Bh4 g5 7. Nfd2 Ng7 8. Bg3
Nf5 9. Bc4 Nxg3 10. fxg3 Bg7 11. O-O e6 12. c3 Qe7 13. Na3 a6 14. b4 Nd7 15.
Nc2 c6 16. a4 O-O 17. a5 e5 18. Qf3 d5 19. Be2 e4 20. Qf2 f5 21. Qe1 Nf6 22.
Nb3 h5 23. Nc5 Bh6 24. Qd2 Kh8 25. Rf2 g4 26. Raf1 Nh7 27. Na1 h4 28. gxh4 Qxh4
29. Nc2 g3 30. hxg3 Qxg3 31. c4 Ng5 32. Kh1 Qh4+ 33. Kg1 Rg8 0-1

[Event "Mechanics' Fall TNM; 30/90, SD/30"]
[Site "San Francisco"]
[Date "2012.11.06"]
[Round "4.18"]
[White "Curto, Barry"]
[Black "Gaffagan, Steven"]
[Result "0-1"]
[WhiteElo "1529"]
[BlackElo "2070"]
[PlyCount "28"]
[EventDate "2012.??.??"]

1. d4 Nf6 2. c4 e6 3. g3 d5 4. Bg2 Bb4+ 5. Bd2 Be7 6. Bc3 O-O 7. Nd2 c5 8. b3
cxd4 9. Bxd4 Nc6 10. Bc3 d4 11. Bb2 e5 12. Ngf3 e4 13. Ng5 e3 14. fxe3 Ng4 0-1

[Event "Mechanics' Spring TNM; 30/90, SD/30"]
[Site "San Francisco"]
[Date "2012.03.27"]
[Round "3.16"]
[White "Curto, Barry"]
[Black "Newey, Richard"]
[Result "0-1"]
[WhiteElo "1902"]
[BlackElo "1668"]
[PlyCount "111"]
[EventDate "2012.??.??"]

1. d4 Nf6 2. c4 g6 3. Nc3 Bg7 4. e4 d6 5. f3 O-O 6. Be3 e5 7. d5 c6 8. Qd2 Bd7
9. g4 Na6 10. Bh6 $2 Nxg4 $1 11. Bxg7 Qh4+ 12. Kd1 Nf2+ 13. Kc2 Kxg7 14. Qe1
Nb4+ 15. Kb1 g5 16. Nd1 Nxh1 17. Qxb4 c5 18. Qd2 f5 19. Qg2 fxe4 20. Qxh1 Qe1
21. Be2 exf3 22. Bxf3 Bf5+ 23. Kc1 e4 24. Ne2 Qh4 25. Bg2 Rae8 26. Ne3 Bg6 27.
Kd2 Rf2 28. Rf1 Ref8 29. Rxf2 Rxf2 30. Nd1 Rf7 31. Qe1 Qxh2 32. Qg3 Qxg3 33.
Nxg3 Rf4 34. Ke3 Rg4 35. Kf2 Rf4+ 36. Ke3 Rg4 37. Kf2 h5 38. Ne3 Rf4+ 39. Kg1
h4 40. Ne2 Rf8 41. Nc3 h3 42. Bxh3 Rf3 43. Nf5+ Bxf5 44. Bxf5 Rxf5 45. Nxe4 Rf6
46. Kg2 Kg6 47. Kg3 Kf5 48. Nf2 Kg6 49. Ne4 Kf5 50. Nf2 Kg6 51. Ne4 Kg7 52.
Nxg5 Rg6 53. Kf4 Rf6+ 54. Ke4 Rh6 55. Ne6+ Kf6 56. Nd8 0-1

[Event "Mechanics' Winter TNM; 30/90, SD/30"]
[Site "San Francisco"]
[Date "2012.01.17"]
[Round "3.23"]
[White "Curto, Barry"]
[Black "Wishard, Bruce"]
[Result "1-0"]
[WhiteElo "1900"]
[BlackElo "1370"]
[PlyCount "73"]
[EventDate "2012.??.??"]

1. d4 d5 2. Nf3 Nf6 3. Bf4 Bf5 4. e3 Nc6 5. Bb5 Bd7 6. Bd3 Bg4 7. h3 Bh5 8.
Nbd2 e6 9. c4 Bd6 10. Bg5 O-O 11. a3 Be7 12. b4 dxc4 13. Nxc4 Nd5 14. Bxe7 Qxe7
15. b5 Nb8 16. O-O c6 17. Nce5 cxb5 18. Bxb5 Nc3 19. Qb3 Nxb5 20. Qxb5 a6 21.
Qa5 f6 22. Nc6 Nxc6 23. Qxh5 b5 24. Rfc1 Na5 25. Rc3 Nc4 26. a4 Qd7 27. Rb1
Rac8 28. axb5 axb5 29. Qxb5 Qxb5 30. Rxb5 Nd6 31. Rxc8 Nxc8 32. Kf1 Ne7 33. e4
f5 34. e5 Nd5 35. Ng5 Re8 36. Nxe6 Rxe6 37. Rxd5 1-0

[Event "Mechanics' Fall TNM; 30/90, SD/30"]
[Site "San Francisco"]
[Date "2012.11.06"]
[Round "4.9"]
[White "Davis, Joe P"]
[Black "LaCounte, Brendan"]
[Result "0-1"]
[WhiteElo "1786"]
[BlackElo "1924"]
[PlyCount "94"]
[EventDate "2012.??.??"]

1. e4 e6 2. d4 d5 3. Nc3 Nf6 4. e5 Nfd7 5. f4 c5 6. Nf3 Nc6 7. Be3 Qb6 8. Na4
Qa5+ 9. c3 cxd4 10. b4 Nxb4 11. cxb4 Bxb4+ 12. Bd2 b5 13. Nb2 Qa3 14. Bxb4
Qxb4+ 15. Qd2 Qc5 16. Qxd4 Qc6 17. Nd3 Nb6 18. Nb4 Qd7 19. Qc5 Nc4 20. Bxc4
bxc4 21. Nd4 Bb7 22. Nb5 Kd8 23. Nd6 Qc7 24. Qxc7+ Kxc7 25. O-O Rhf8 26. Rab1
a5 27. Nxb7 axb4 28. Nd6 Ra4 29. Rb2 f6 30. Rfb1 Rb8 31. Kf1 Kc6 32. Ke2 Kc5
33. Kd1 c3 34. Rc2 fxe5 35. fxe5 Rf8 36. Ke2 Kd4 37. a3 Kxe5 38. Nb5 d4 39.
Rxb4 Rxb4 40. axb4 Rb8 41. Nxc3 dxc3 42. Rxc3 Rxb4 43. Rc7 Kf6 44. Rc8 h6 45.
Rf8+ Ke7 46. Rg8 Kf7 47. Rc8 Kg6 {Both players quit keeping score in this
drawn position. Black eventually prevailed in mutual time pressure.} 0-1

[Event "Mechanics' Summer TNM; 30/90, SD/30"]
[Site "San Francisco"]
[Date "2012.07.10"]
[Round "8.7"]
[White "De Lenea, Digne"]
[Black "Andries, Craig"]
[Result "0-1"]
[WhiteElo "1875"]
[BlackElo "1950"]
[PlyCount "108"]
[EventDate "2012.??.??"]

1. d4 g6 2. c4 Bg7 3. e4 d6 4. Nc3 Nf6 5. f3 O-O 6. Be3 Nbd7 7. Qd2 c6 8. Bd3
a6 9. Nge2 Qc7 10. Rc1 e5 11. d5 c5 12. Ng3 Qd8 13. Bh6 Ne8 14. h4 Bxh6 15.
Qxh6 Qf6 16. Nce2 Qg7 17. Qe3 h5 18. Kd2 Nef6 19. Rcf1 b5 20. b3 bxc4 21. Bxc4
Nb6 22. Bd3 Bb7 23. Nc3 Rfc8 24. Bc4 Rc7 25. a4 Bc8 26. a5 Nxc4+ 27. bxc4 Rb8
28. Rb1 Rcb7 29. Kc2 Bd7 30. Rxb7 Rxb7 31. Rb1 Rxb1 32. Kxb1 Qf8 33. Qc1 Qd8
34. Qa3 Ne8 35. Nf1 Qxh4 36. Qc1 Qf2 37. Ne3 h4 38. Ncd1 Qe2 39. Qc2 Qe1 40.
Qc3 Qxc3 41. Nxc3 Kg7 42. Ne2 Kh6 43. Kc2 f5 44. exf5 gxf5 45. f4 e4 46. Ng1
Nf6 47. Nh3 Nh5 48. Kd2 Kg6 49. Ke1 Nf6 50. Ng5 Ng4 51. Ke2 Nh2 52. Nh3 Ba4 53.
Ng5 Bb3 54. Kd2 Ng4 0-1

[Event "Mechanics' Summer TNM; 30/90, SD/30"]
[Site "San Francisco"]
[Date "2012.06.12"]
[Round "4.4"]
[White "De Lenea, Digne"]
[Black "Gaffagan, Steven"]
[Result "0-1"]
[WhiteElo "1875"]
[BlackElo "2047"]
[PlyCount "88"]
[EventDate "2012.??.??"]

1. d4 Nf6 2. Nf3 g6 3. c4 Bg7 4. Nc3 O-O 5. e4 d6 6. Bg5 h6 7. Bh4 Na6 8. Qd2
c5 9. d5 Bg4 10. Be2 Nc7 11. h3 Bd7 12. g4 b5 13. e5 b4 14. exf6 bxc3 15. bxc3
exf6 16. O-O Rb8 17. Bg3 Rb6 18. Rab1 Bc8 19. Rxb6 axb6 20. Rb1 f5 21. Rxb6 Ne8
22. Rb8 fxg4 23. hxg4 Qc7 24. Rb3 Bxg4 25. Nh4 Bxe2 26. Qxe2 Nf6 27. Nxg6 Re8
28. Qd3 fxg6 29. Qxg6 Qe7 30. Kh2 h5 31. Rb6 Qe4 32. Qxe4 Nxe4 33. a4 Ra8 34.
f3 Nxg3 35. Kxg3 Rxa4 36. Kh4 Rxc4+ 37. Kxh5 Be5 38. Kg6 Kf8 39. Rb8+ Ke7 40.
Rb7+ Kd8 41. Rf7 Rxc3 42. f4 Rf3 43. Rf8+ Ke7 44. Rf7+ Ke8 0-1

[Event "Mechanics' Spring TNM; 30/90, SD/30"]
[Site "San Francisco"]
[Date "2012.03.20"]
[Round "2.9"]
[White "De Lenea, Digne"]
[Black "Krasnov, Steven"]
[Result "0-1"]
[WhiteElo "1873"]
[BlackElo "2033"]
[PlyCount "74"]
[EventDate "2012.??.??"]

1. d4 Nf6 2. c4 e6 3. Nf3 b6 4. g3 Bb4+ 5. Bd2 Be7 6. Nc3 Bb7 7. Bg2 O-O 8. O-O
c5 9. e3 h6 10. Re1 Ne4 11. Ne5 Nxc3 12. Bxc3 Qc7 13. d5 exd5 14. Bxd5 Bf6 15.
Qf3 Bxd5 16. Qxd5 Nc6 17. Ng6 Bxc3 18. bxc3 Rfe8 19. Rad1 Rad8 20. f4 d6 21. e4
Kh7 22. Nh4 Re6 23. e5 dxe5 24. Qe4+ Kg8 25. Rxd8+ Qxd8 26. f5 Rd6 27. Nf3 f6
28. Nh4 Rd1 29. Kf1 Qd3+ 30. Kg2 Rd2+ 31. Kh3 Qxe4 32. Rxe4 Rxa2 33. Re1 Rd2
34. Ng2 Kf7 35. Ne3 Rd3 36. Nd5 Ne7 37. Re3 Rd2 0-1

[Event "Mechanics' Spring TNM; 30/90, SD/30"]
[Site "San Francisco"]
[Date "2012.04.24"]
[Round "7.6"]
[White "De Lenea, Digne"]
[Black "Lopez, Jorge"]
[Result "0-1"]
[WhiteElo "1873"]
[BlackElo "2182"]
[PlyCount "84"]
[EventDate "2012.??.??"]

1. d4 Nf6 2. c4 e6 3. Nc3 Bb4 4. Qc2 Bxc3+ 5. Qxc3 b6 6. Bg5 Bb7 7. f3 h6 8.
Bh4 c5 9. dxc5 bxc5 10. Bxf6 Qxf6 11. Qxf6 gxf6 12. e4 Nc6 13. O-O-O Rg8 14.
Ne2 Ke7 15. Nc3 Rab8 16. g3 Nd4 17. Rd3 Bc6 18. Bg2 a5 19. Rhd1 Rb4 20. b3 a4
21. Nb5 Bxb5 22. cxb5 axb3 23. a3 Rxb5 24. Kb2 e5 25. Bf1 Ra5 26. Rc3 Rga8 27.
Rxd4 exd4 28. Rxb3 f5 29. exf5 d5 30. Rb7+ Kf6 31. Rb6+ Ke7 32. f6+ Kd7 33.
Bb5+ Kc7 34. Rc6+ Kb7 35. a4 c4 36. Rd6 c3+ 37. Kb3 Rc8 38. Kc2 Rxb5 39. axb5
d3+ 40. Kc1 Rc5 41. Rd7+ Kb6 42. Rxf7 c2 0-1

[Event "Mechanics' Mar TNM; 30/90, SD/30"]
[Site "San Francisco"]
[Date "2012.09.18"]
[Round "8.17"]
[White "De Lenea, Digne"]
[Black "Olson, David"]
[Result "1-0"]
[WhiteElo "1906"]
[BlackElo "1400"]
[PlyCount "47"]
[EventDate "2012.??.??"]

1. d4 d5 2. c4 Nf6 3. Nc3 e6 4. Bg5 h6 5. Bh4 Bb4 6. e3 g5 7. Bg3 Ne4 8. Qc2 c5
9. a3 Ba5 10. dxc5 Nxc3 11. bxc3 O-O 12. Bd6 Re8 13. Nf3 Nc6 14. Bd3 Qf6 15.
Rc1 d4 16. exd4 Nxd4 17. Nxd4 Qxd4 18. O-O Qg7 19. Qa4 b5 20. Qxa5 bxc4 21.
Bxc4 Bb7 22. Rfe1 g4 23. Qc7 Bc8 24. Bb5 1-0

[Event "Mechanics' Spring TNM; 30/90, SD/30"]
[Site "San Francisco"]
[Date "2012.04.10"]
[Round "5.11"]
[White "De Lenea, Digne"]
[Black "Poling, Scott"]
[Result "1-0"]
[WhiteElo "1873"]
[BlackElo "1731"]
[PlyCount "47"]
[EventDate "2012.??.??"]

1. c4 e6 2. Nf3 Nf6 3. g3 c5 4. Nc3 Nc6 5. Bg2 d5 6. cxd5 exd5 7. d4 cxd4 8.
Nxd4 Bc5 9. Nxc6 bxc6 10. O-O Ba6 11. Qa4 Qb6 12. Nxd5 Nxd5 13. Bxd5 Bb5 14.
Qe4+ Kf8 15. Bb3 Re8 16. Qf3 f6 17. Re1 Bb4 18. Be3 Qa6 19. Qh5 Qb7 20. Red1
Qe7 21. a3 Bd6 22. Rxd6 Bxe2 23. Qc5 Bf3 24. Rd7 1-0

[Event "Mechanics' Mar TNM; 30/90, SD/30"]
[Site "San Francisco"]
[Date "2012.08.28"]
[Round "5.14"]
[White "De Lenea, Digne"]
[Black "Ryaboy, Vadim"]
[Result "0-1"]
[WhiteElo "1906"]
[BlackElo "1781"]
[PlyCount "70"]
[EventDate "2012.??.??"]

1. d4 d5 2. c4 c6 3. Nc3 Nf6 4. Nf3 e6 5. e3 Nbd7 6. cxd5 cxd5 7. Bd3 Bb4 8.
O-O O-O 9. Bd2 b6 10. Rc1 Bb7 11. Nb5 Be7 12. Qe2 Ne8 13. Ne5 Nxe5 14. dxe5 f5
15. b4 g5 16. Rc2 a6 17. Nd4 Qd7 18. Rfc1 Rf7 19. g4 f4 20. exf4 gxf4 21. Qf3
Bg5 22. Kg2 Qe7 23. b5 axb5 24. Nxb5 Ra4 25. a3 d4 26. Be4 d3 27. Rc4 Bxe4 28.
Rxe4 Rxe4 29. Qxe4 f3+ 30. Kh1 Bxd2 31. Rc8 Kg7 32. Qxd3 Qd7 33. Qxd7 Rxd7 34.
Rxe8 Bf4 35. Nd6 Bxe5 0-1

[Event "Mechanics' Spring TNM; 30/90, SD/30"]
[Site "San Francisco"]
[Date "2012.05.01"]
[Round "8.11"]
[White "De Lenea, Digne"]
[Black "Todortsev, Victor"]
[Result "1-0"]
[WhiteElo "1873"]
[BlackElo "1967"]
[PlyCount "101"]
[EventDate "2012.??.??"]

1. d4 Nf6 2. c4 d5 3. Nc3 e6 4. Bg5 Nc6 5. e3 Be7 6. Nf3 O-O 7. Bd3 h6 8. Bh4
a6 9. O-O dxc4 10. Bxc4 b5 11. Bb3 Bb7 12. Re1 Na5 13. Bc2 Nc4 14. Bxf6 Bxf6
15. Qd3 g6 16. b3 Na3 17. Bd1 c5 18. Ne4 c4 19. bxc4 Nxc4 20. Nxf6+ Qxf6 21. e4
Rfd8 22. Bb3 Rac8 23. a4 Qf4 24. axb5 axb5 25. Ra7 Rc7 26. Qe2 Kg7 27. d5 exd5
28. exd5 Bxd5 29. Rxc7 Qxc7 30. Nd4 Qc5 31. Qg4 Qc8 32. Qxc8 Rxc8 33. Nxb5 Rd8
34. Nc7 Na5 35. Bxd5 Rd7 36. Ne8+ Kf8 37. Ba2 Rd8 38. Nf6 Kg7 39. Ng4 Nc6 40.
g3 h5 41. Ne3 Rd2 42. Bb1 f5 43. Rd1 Rb2 44. Nc4 Rb4 45. Bd3 Na7 46. Kg2 g5 47.
Nd6 Kf6 48. Bc4 Nc6 49. Re1 g4 50. Re6+ Kg7 51. Nxf5+ 1-0